Vnútorná kontaminácia rádioaktívnymi látkami /

Salvato in:
Dettagli Bibliografici
Autore principale: Koprda, Vasil, 1940- (Autore)
Natura: Libro
Lingua:slovacco
Pubblicazione: Bratislava : Veda, 1986
Edizione:1.vyd.
Tags: Aggiungi Tag
Nessun Tag, puoi essere il primo ad aggiungerne!!

MARC

LEADER 00000nam a22000003a 4500
001 stu7443
005 20150617225809.3
008 950316s1986----cs------------------slo-d
040 |a STU  |b slo 
041 0 |a slo 
044 |a cs 
080 |a 614.876 
080 |a 539.16.04 
100 1 |a Koprda, Vasil,  |d 1940-  |4 aut  |u C6290  |U FCHPT Ústav chemického a environmentálneho inžinierstva  |T FCHPT Oddelenie environmentálneho inžinierstva  |X 3515  |U C6290  |Y 120  |7 A000003515 
245 1 |a Vnútorná kontaminácia rádioaktívnymi látkami /  |c [aut.] Koprda,Vasil 
250 |a 1.vyd. 
260 |a Bratislava :  |b Veda,  |c 1986 
300 |a 365 s 
996 |b E61234  |c E*61234  |l EE10  |s P  |a 0  |w stu7443_0001